01695 a2200169 45000010006000000050017000060080041000230030015000640400040000790800073001192450048001922640057002403000019002975051148003161000029014647000032014935382920260407155809.0260407a1963 arg spa dAR-UNSa-BCEJYS aAR-UNSa-BCEJYSbspacAR-UNSa-BCEJYS a330.342.172xEconomía libre. Laissez-faire (Economía de Mercado)10aEconomía dirigida y economía de mercado 1aMadrid :bSociedad de Estudios y Publicacionesc1963 a230 p.c24 cm. aPrimera parte: Comprobación práctica de la economía dirigida - I. Los órdenes económicos a la luz del cambio de la situación histórica - II. Ideales de la economía dirigida - III. La dirección,vista económicamente - IV. Pleno empleo y politíca coyuntural - V. La dirección del comercio exterior - VI. La consolidación del progreso técnico - VII. Su eficacia en la economía de guerra - VIII. Balance de la dirección - Segunda parte: Economía social de mercado - I. El problema fundamental de la política económica actual - II. El sentido de la economía de mercado - III. Contribución al juicio de la economía liberal - IV. Necesidad de una nueva forma político-económica - V. Principios de una economía de mercado orientada - VI. Política de la competencia - VII. Política de precios - VIII. Configuración de la estructura económica - IX. Política social - X. Ordenación de la economía de la construccióm y de la vivienda - XI. Influencia de la estructura industrial - XII. Política comercial exterior - XIII. Política monetaria,crediticia y coyuntural - XIV. Conclusión1 aMüller- Armack, Alfred1 aHernández Esteve, Esteban